| 000 | 02376 a2200469 4500 | ||
|---|---|---|---|
| 001 | 22801781 | ||
| 003 | 0000 | ||
| 005 | 20260402151824.0 | ||
| 008 | 220923s2023 flu b 001 0 eng | ||
| 010 | _a 2022046427 | ||
| 020 | _a9781032266794 | ||
| 020 | _a9781032285160 | ||
| 020 | _z9781003297147 | ||
| 035 | _a22801781 | ||
| 040 |
_aDLC _beng _erda _cDLC |
||
| 042 | _apcc | ||
| 050 | 0 | 0 |
_aTA545 _b.O36 2023 |
| 082 | 0 | 0 |
_a526 _223/eng/20221202 |
| 100 | 1 |
_aOgaja, Clement A., _eauthor. |
|
| 240 | 1 | 0 | _aGeomatics engineering |
| 245 | 1 | 0 |
_aProject design for geomatics engineers and surveyors / _cClement Ogaja, Nashon Adero, Derrick Koome. |
| 250 | _aSecond edition. | ||
| 263 | _a2304 | ||
| 264 | 1 |
_aBoca Raton : _bCRC Press, _c2023. |
|
| 300 |
_axxii,281p. _bill.: |
||
| 336 |
_atext _btxt _2rdacontent |
||
| 337 |
_aunmediated _bn _2rdamedia |
||
| 338 |
_avolume _bnc _2rdacarrier |
||
| 500 | _aRevised edition of: Geomatics engineering : a practical guide to project design / Clement A. Ogaja. Boca Raton : CRC Press, c2011. | ||
| 504 | _aIncludes bibliographical references and index. | ||
| 520 |
_a""Project Design for Geomatics Engineers and Surveyors, Second Edition", continues to focus on the key components and aspects of project design for geomatics and land surveying projects with the goal of helping readers navigate the priority issues when planning new projects. The second edition includes new materials on surveying and UAV, and it is thoroughly updated to keep current with the recent technology and terminology. The two new chapters capture new developments in the rapidly emerging use of remote sensing and GIS in aerial surveys, mapping, and imaging for small-to-medium scale projects, as well as modern practices and experiences in engineering surveying"-- _cProvided by publisher. |
||
| 650 | 0 | _aSurveying. | |
| 650 | 0 | _aGeomatics. | |
| 650 | 0 | _aProject management. | |
| 650 | 0 | _aGeographic information systems. | |
| 700 | 1 |
_aAdero, Nashon Juma, _eauthor. |
|
| 700 | 1 |
_aKoome, Derrick, _eauthor. |
|
| 776 | 0 | 8 |
_iOnline version: _aOgaja, Clement A. _tProject design for geomatics engineers and surveyors _bSecond edition _dBoca Raton : CRC Press, 2023 _z9781003297147 _w(DLC) 2022046428 |
| 906 |
_a7 _bcbc _corignew _d1 _eecip _f20 _gy-gencatlg |
||
| 942 |
_2lcc _cBK |
||
| 999 |
_c44261 _d44261 |
||